| 000 | 00533nam a22001577a 4500 | ||
|---|---|---|---|
| 003 | NUST | ||
| 038 | _aNusrat Nadeem | ||
| 082 | _a200 | ||
| 100 |
_aAbdullah, Muhammad Faizan _9131602 |
||
| 245 |
_aINTERNATIONAL BUSINESS TRIP REPORT ALTINBAS UNIVERSITY & TURKISH AEROSPACE, TURKEY/ _cMuhammad Faizan Abdullah, |
||
| 264 |
_aIslamabad: _bNBS NUST. _c2025. |
||
| 690 |
_aExecutive MBA _9125080 |
||
| 700 |
_aSupervisor: Mr. Naman Ahmed _9131603 |
||
| 856 | _uhttp://10.250.8.41:8080/xmlui/handle/123456789/55872 | ||
| 942 |
_2ddc _cSC |
||
| 999 |
_c615235 _d615235 |
||